000 00526nam a2200157 a 4500
001 000010832
005 20240304103305.0
008 091012s2004 dr abc 001 0 spa d
040 _aDO-SdBNP
_bspa
_cBNPHU
082 _axxxx
_bR426r
110 1 _aRepública Dominicana.
_b Secretaría de Estado de Medio Ambiente y Recursos Naturales
_914503
245 1 0 _aReserva de la biósfera :
_bJaragua-Bahoruco-Enriquillo /.
260 _aSantop Domingo :
_bUNESCO,
_c2004.
300 _a127, [46] p. :
_bil., map., retr.
049 _aBNPD
999 _c10581
_d10581